Etiqueta de registo: 00652cas 02200253 04500
001 92559
003 http://id.bnportugal.gov.pt/bib/catbnp/92559
100 ## $a19981119b19711975m y0pora01030103ba
101 0# $apor
102 ## $aPT
106 ## $ae
110 ## $acaazz 0uu0
200 1# $aÉpoca$fdir. A. Fialho Rico$gpropr. Empresa Nacional de Publicidade
207 #0 $aNº 1 (1 fev. 1971) - nº 113 (25 abr. 1974)
210 #9 $aLisboa$cEmpresa Nacional de Publicidade$d1971-1974
215 ## $d52 cm
326 ## $aDiário
421 #1 $10012254495$tMini Época$cLisboa$bEmpresa Nacional de Publicidade,$d1971-1974$h$i
620 ## $dLisboa
702 #1 $aRico,$bA. Fialho$4300$3242645
712 02 $aEmpresa Nacional de Publicdade$4650$31989816
801 #0 $aPT$bBN$gRPC
966 ## $lBN$mFGJOR$sJ. 1295 A.$x1